Revista del Museo e Instituto Arqueológico / (Record no. 21868)

000 -CABECERA
fixed length control field 01837nam a22003377a 4500
003 - IDENTIFICADOR DEL NÚMERO DE CONTROL
control field AR-CdUCM
008 - DATOS DE LONGITUD FIJA--INFORMACIÓN GENERAL
fixed length control field 190425b ||||| |||| 00| 0 spa d
040 ## - FUENTE DE LA CATALOGACIÓN
Agencia/entidad que catalogó originalmente la obra MUNICIPALIDAD PROVINCIAL DEL CUSCO
Entidad que transcribió la catalogación BIBLIOTECA MUNICIPAL DEL CUSCO
082 ## - NÚMERO DE LA CLASIFICACIÓN DECIMAL DEWEY
No. de Clasificación Rev.DIMA/N°20/1963
110 ## - ENTRADA PRINCIPAL--NOMBRE DE ENTIDAD CORPORATIVA
Nombre de la institución, jurisdicción como entrada principal Instituto y Museo Arqueológico de la Universidad Nacional del Cuzco
9 (RLIN) 46550
245 ## - MENCIÓN DE TÍTULO
Título Revista del Museo e Instituto Arqueológico /
Mención de responsabilidad Luis A. Pardo, director, Universidad Nacional del Cuzco
260 ## - PUBLICACIÓN, DISTRIBUCIÓN, ETC.
Lugar de publicación, distribución, etc. Cusco :
Nombre de la editorial, distribuidor, etc. H.G. Rozas,
Fecha de publicación, distribución, etc. 1963.
300 ## - DESCRIPCIÓN FÍSICA
Nº de Páginas Extensión 170 [170] páginas. :
Otros detalles físicos 35 ilustraciones ;
Dimensiones 21 cm.
440 ## - MENCIÓN DE SERIE/PUNTO DE ACCESO ADICIONAL--TÍTULO
Título Revista del Museo e Instituto Arqueológico.
Número de la parte/sección de una obra Año XIII, 1963. N°20.
9 (RLIN) 46563
505 ## - NOTA DE CONTENIDO CON FORMATO
Nota de contenido formateada Contenido: Apertura del fardo funerario de Paracas N°27. Luis A. Pardo. -- Las cuatro etapas o épocas históricas en la civilización peruana. Cuneo Vidal. -- La odontología en el incanato. José Iwaki s. -- Arquitectura de las construcciones del grupo de las tres puertas en la ciudadela de Machupichu. Eulogio Cabada H. -- Tercer libro de cabildo de elección de alcaldes y regidores indios y Yanaconas del distrito de San Jerónimo y San Blas, jurisdicción del Cuzco. Jesús M. Covarrubias Pozo. -- Arte de la lengua quichua. Diego de Torres Rubio.
650 ## - PUNTO DE ACCESO ADICIONAL DE MATERIA--TÉRMINO DE MATERIA
Descriptor Cultura Paracas
9 (RLIN) 36837
650 ## - PUNTO DE ACCESO ADICIONAL DE MATERIA--TÉRMINO DE MATERIA
Descriptor Civilización peruana
9 (RLIN) 40634
650 ## - PUNTO DE ACCESO ADICIONAL DE MATERIA--TÉRMINO DE MATERIA
Descriptor Odontología Inka
9 (RLIN) 46564
650 ## - PUNTO DE ACCESO ADICIONAL DE MATERIA--TÉRMINO DE MATERIA
Descriptor Idioma Quechua
9 (RLIN) 27790
650 ## - PUNTO DE ACCESO ADICIONAL DE MATERIA--TÉRMINO DE MATERIA
Descriptor Libro de cabildos
9 (RLIN) 46135
650 ## - PUNTO DE ACCESO ADICIONAL DE MATERIA--TÉRMINO DE MATERIA
Descriptor Arquitectura Inka
9 (RLIN) 45226
650 ## - PUNTO DE ACCESO ADICIONAL DE MATERIA--TÉRMINO DE MATERIA
Descriptor Machupicchu
9 (RLIN) 1751
700 ## - PUNTO DE ACCESO ADICIONAL--NOMBRE DE PERSONA
Nombre Personal Pardo, Luis
9 (RLIN) 46565
700 ## - PUNTO DE ACCESO ADICIONAL--NOMBRE DE PERSONA
Nombre Personal Iwaki, José
9 (RLIN) 46566
700 ## - PUNTO DE ACCESO ADICIONAL--NOMBRE DE PERSONA
Nombre Personal Cabada, Eulogio
9 (RLIN) 46567
700 ## - PUNTO DE ACCESO ADICIONAL--NOMBRE DE PERSONA
Nombre Personal Covarrubias Pozo, Jesús
9 (RLIN) 46044
700 ## - PUNTO DE ACCESO ADICIONAL--NOMBRE DE PERSONA
Nombre Personal De Torres Rubio, Diego
9 (RLIN) 46568
710 ## - PUNTO DE ACCESO ADICIONAL--NOMBRE DE ENTIDAD CORPORATIVA
Nombre corporativo (En letras Mayúsculas) Universidad Nacional de San Antonio Abad del Cusco
9 (RLIN) 15942
942 ## - ELEMENTOS DE PUNTO DE ACCESO ADICIONAL (KOHA)
Fuente de clasificación
Tipo de item Revistas cusqueñas
945 ## - PROCESAMIENTO DE INFORMACIÓN LOCAL (OCLC)
Catalogador rac
Holdings
Estado de retiro (separado) Fuente de clasificación o esquema de estanterías Estado dañado Ubicación Sala donde se ubica Nombre de la colección Fecha de adquisición o compra Costo, precio normal en soles Signatura topográfica Código de Barras Última vez visto (Koha) Tipo de ítem (Koha)
No     Sala Hemeroteca Sala Hemeroteca Book Cart 2021-08-31 10.00 Rev.DIMA/N°20/1963 REVC000361 2021-08-31 Revistas cusqueñas

Powered by Koha